TWEEDY : (Record no. 204151)
[ view plain ]
| 000 -LEADER | |
|---|---|
| fixed length control field | 01517nam a2200313 i 4500 |
| 003 - CONTROL NUMBER IDENTIFIER | |
| control field | OSt |
| 005 - DATE AND TIME OF LATEST TRANSACTION | |
| control field | 20260511113539.0 |
| 008 - FIXED-LENGTH DATA ELEMENTS--GENERAL INFORMATION | |
| fixed length control field | 260511s2025 nyua jrb 000 1 eng d |
| 020 ## - INTERNATIONAL STANDARD BOOK NUMBER | |
| International Standard Book Number | 9780241667675 |
| Terms of availability | RM 58.50 |
| Qualifying information | paperback |
| 040 ## - CATALOGING SOURCE | |
| Original cataloging agency | PPAK |
| Language of cataloging | eng |
| Transcribing agency | PPAK |
| Description conventions | rda |
| 082 04 - DEWEY DECIMAL CLASSIFICATION NUMBER | |
| Edition number | 23 |
| Classification number | 823.92 |
| 090 00 - LOCALLY ASSIGNED LC-TYPE CALL NUMBER (OCLC); LOCAL CALL NUMBER (RLIN) | |
| Classification number (OCLC) (R) ; Classification number, CALL (RLIN) (NR) | 823.92 |
| Feature heading | TWE |
| Feature heading | K |
| 100 1# - MAIN ENTRY--PERSONAL NAME | |
| Personal name | Tweedy, |
| Titles and words associated with a name | the Clown, |
| Relator term | author. |
| 245 10 - TITLE STATEMENT | |
| Title | TWEEDY : |
| Remainder of title | THE CLOWN WHO LOST HIS NOSE / |
| Statement of responsibility, etc. | Written by Tweedy the Clown ; Illustrated by Daniel Duncan. |
| 246 30 - VARYING FORM OF TITLE | |
| Title proper/short title | Clown who lost his nose |
| 250 ## - EDITION STATEMENT | |
| Edition statement | First American edition |
| 264 #1 - PRODUCTION, PUBLICATION, DISTRIBUTION, MANUFACTURE, AND COPYRIGHT NOTICE | |
| Place of production, publication, distribution, manufacture | New York : |
| Name of producer, publisher, distributor, manufacturer | DK Publishing, |
| Date of production, publication, distribution, manufacture, or copyright notice | 2025 |
| 300 ## - PHYSICAL DESCRIPTION | |
| Extent | 1 volume (unpaged) : |
| Other physical details | chiefly colour illustrations ; |
| Dimensions | 25 cm |
| 336 ## - CONTENT TYPE | |
| Content type term | text |
| Source | rdacontent |
| 337 ## - MEDIA TYPE | |
| Media type term | unmediated |
| Source | rdamedia |
| 338 ## - CARRIER TYPE | |
| Carrier type term | volume |
| Source | rdacarrier |
| 520 ## - SUMMARY, ETC. | |
| Summary, etc. | The circus is packed, the lights are dim, and the crowd is ready for the show to begin... but oh no! Tweedy the Clown has lost his big red nose! Is it in the dressing room? Is it flying through the air in the ring? Is it at the top of the huge ramp? Join Tweedy in this laugh-out-loud adventure as he searches high and low for his nose, causing chaos wherever he looks. The curtains are finally closing... Will he make it to the show on time? |
| 600 10 - SUBJECT ADDED ENTRY--PERSONAL NAME | |
| Personal name | Tweedy, |
| Titles and other words associated with a name | the Clown |
| Form subdivision | Juvenile fiction |
| 650 20 - SUBJECT ADDED ENTRY--TOPICAL TERM | |
| Topical term or geographic name entry element | Clowns |
| Form subdivision | Juvenile fiction |
| Topical term or geographic name entry element | Circus |
| Form subdivision | Juvenile fiction |
| 655 #7 - INDEX TERM--GENRE/FORM | |
| Genre/form data or focus term | Picture books for children |
| 700 1# - ADDED ENTRY--PERSONAL NAME | |
| Personal name | Duncan, Daniel, |
| Dates associated with a name | 1989- |
| Relator term | illustrator. |
| 942 ## - ADDED ENTRY ELEMENTS (KOHA) | |
| Source of classification or shelving scheme | Dewey Decimal Classification |
| Koha item type | Book |
| Withdrawn | Not for loan | Current library | Shelving location | Date acquired | Total Checkouts | Full call number | Barcode | Date last seen | Koha item type |
|---|---|---|---|---|---|---|---|---|---|
| Perpustakaan Alor Setar | Pinjaman Kanak-kanak | 19/05/2026 | K 823.92 TWE | A01916419 | 12/05/2026 | Book |